Logo BPK

Biblioteka

Politechniki Koszalińskiej

Wielki słownik polsko-niemiecki. (Rekord nr 22628)

Szczegóły MARC
000 -ETYKIETA REKORDU
podpole kontrolne o stałej długości 00379nam a2200145 i 4500
001 - NUMER KONTROLNY REKORDU
pole kontrolne bg
040 ## - ŹRÓDŁO KATALOGOWANIA
Instytucja, która utworzyła rekord BPK
041 ## - KOD JĘZYKA
Kod języka tekstu pol
008 - POLE O STAŁEJ DŁUGOŚCI - DANE KONTROLNE
podpole kontrolne o stałej długości s pl f |000 0 pol
100 1# - NAZWA OSOBOWA
Nazwa osobowa Piprek, Jan.
245 #0 - TYTUŁ/ODPOWIEDZIALNOŚĆ
Tytuł Wielki słownik polsko-niemiecki.
Oznaczenie części/sekcji dzieła T.2,
Tytuł części/sekcji dzieła P-Ż /
Pozostałe elementy strefy tytułu i oznaczenia odpowiedzialności J. Piprek, J. Ippoldt.
260 ## - STREFA ADRESU WYDAWNICZEGO
Miejsce wydania Warszawa,
Data publikacji, dystrybucji/powstania dokumentu 1984.
700 1# - HASŁO DODATKOWE - NAZWA OSOBOWA
Nazwa osobowa Ippoldt, Juliusz
Daty związane z nazwą (1867-1960).
856 ## - LOKALIZACJA I DOSTĘP DO ELEKTRONICZNYCH DOKUMENTÓW ZDALNYCH
Link (URL) http://koha.tu.koszalin.pl/cgi-bin/koha/opac-detail.pl?biblionumber=22628
Tekst linku Katalog online BPK
942 ## - DODATKOWE ELEMENTY (KOHA)
Typ dokumentu Książka
Egzemplarze
Wycofany Status egzemplarza Uszkodzony Dostępność Lokalizacja stała Lokalizacja bieżąca Miejsce przechowywania Sygnatura Kod kreskowy Typ dokumentu
      Tylko na miejscu Biblioteka Politechniki Koszalińskiej Biblioteka Politechniki Koszalińskiej Czytelnia Wydziałowa ul. Kwiatkowskiego 6e 31803 01880953 Książka
© 2023 Biblioteka Politechniki Koszalińskiej :: KOHA